header

Hollywood films about schools (Record no. 246976)

MARC details
000 -LEADER
fixed length control field 01358nam a2200349 a 4500
082 04 - DEWEY DECIMAL CLASSIFICATION NUMBER
Classification number 791.43/6557
100 1# - MAIN ENTRY--AUTHOR NAME
Personal name Chennault, Ronald E.
245 10 - TITLE STATEMENT
Title Hollywood films about schools
250 ## - EDITION STATEMENT
Edition statement 1st ed.
260 ## - PUBLICATION, DISTRIBUTION, ETC. (IMPRINT)
Place of publication New York, N.Y. :
Name of publisher Palgrave Macmillan,
Year of publication 2006.
300 ## - PHYSICAL DESCRIPTION
Number of Pages 192 p.
650 #0 - SUBJECT ADDED ENTRY--TOPICAL TERM
Topical Term Schools in motion pictures.
Topical Term Education in motion pictures.
Topical Term Race relations in motion pictures.
Topical Term Motion pictures
856 40 - ELECTRONIC LOCATION AND ACCESS
Uniform Resource Identifier http://site.ebrary.com/lib/rucke/Doc?id=10167455

No items available.

© 2026 Rongo University
Contact us: librarian | system librarian | Rongo university